Evaluación de la biodisponibilidad de metales pesados en medios acuosos mediante sensores DGT /

Đã lưu trong:
Chi tiết về thư mục
Tác giả chính: Uribe Kaffure, Ramiro (autor.)
Tác giả khác: Puy Llorens, Jaume (autor.), Averós, Joan Cecilia (autor.)
Định dạng: eBook
Ngôn ngữ:Tiếng Tây Ban Nha
Được phát hành: Ibagué : Sello editorial Universidad del Tolima, 2024.
Những chủ đề:
Truy cập trực tuyến:https://elibro.unach.elogim.com/es/lc/unach/titulos/284050
Các nhãn: Thêm thẻ
Không có thẻ, Là người đầu tiên thẻ bản ghi này!

MARC

LEADER 00000nam a2200000 i 4500
001 ELB284050
003 FINmELB
005 20250722144000.0
006 m o d |
007 cr cnu||||||||
008 250625s2024 ck o 001 0 spa d
020 |a 9786287670648  |q (e-book) 
020 |a 9786287670563  |q (print) 
035 |a (OCoLC)1528757181 
040 |a FINmELB  |b spa  |e rda  |c FINmELB 
050 4 |a TD196.M45  |b U74 2024 
080 |a 628.5 
082 1 |a 628.5  |2 23 
100 1 |a Uribe Kaffure, Ramiro,  |e autor. 
336 |a texto  |b txt  |2 rdacontent/spa 
337 |a computadora  |b c  |2 rdamedia/spa 
338 |a recurso en línea  |b cr  |2 rdacarrier/spa 
500 |a Incluye índice. 
588 |a Descripción basada en metadatos suministrados por el editor y otras fuentes. 
590 |a Recurso electrónico. Santa Fe, Arg.: elibro, 2025. Disponible vía World Wide Web. El acceso puede estar limitado para las bibliotecas afiliadas a elibro. 
655 4 |a Libros electrónicos. 
700 1 |a Puy Llorens, Jaume,  |e autor. 
700 1 |a Averós, Joan Cecilia,  |e autor. 
245 1 0 |a Evaluación de la biodisponibilidad de metales pesados en medios acuosos mediante sensores DGT /  |c Ramiro Uribe Kaffure, Jaume Puy Llorens, Joan Cecilia Averós. 
264 1 |a Ibagué :  |b Sello editorial Universidad del Tolima,  |c 2024. 
300 |a 1 recurso en línea (125 páginas) 
650 4 |a Ingeniería y Tecnología. 
650 4 |a Metales pesados  |x Biodisponibilidad. 
650 4 |a Contaminación del agua  |x Medición. 
650 4 |a Sensores ambientales. 
797 2 |a elibro, Corp. 
856 4 0 |u https://elibro.unach.elogim.com/es/lc/unach/titulos/284050